000 00375nam a2200157Ia 4500
008 240729s9999 xx 000 0 und d
022 _a2075-4434
245 0 _aGalaxies
260 _aSwitzerland
260 _bMDPI AG
650 _a Astronomy
650 _aScience
856 _uhttps://doaj.org/toc/62fd76e63f5a413da05d2f665c70c7c2
942 _2ddc
942 _cDOAJEJ
999 _c74454
_d74454
945 _a1
_bMadushi Gamage
_c1
_dMadushi Gamage